| 000 | 00551nam a22002297a 4500 | ||
|---|---|---|---|
| 003 | UA-OsUOA | ||
| 001 | 815 | ||
| 007 | ta | ||
| 008 | 20050706b un ||||| |||| 00| 0 ukr d | ||
| 100 | _aLabuda Gerard | ||
| 090 | _a94(438) | ||
| 942 | _cBK | ||
| 040 |
_aUA-OsUOA _bpol _cUA-OsUOA _dUA-OsUOA |
||
| 245 | _aZrodla. sagi i legendu | ||
| 300 | _a345 с. | ||
| 955 | _a2 | ||
| 041 | _apol | ||
| 080 | _a94(438) | ||
| 260 |
_aWarshawa _bNaukowe _c1961 |
||
| 650 | 7 |
_a9 Географія. Біографії. Історія _2UDC |
|
| 999 |
_c286980 _d286980 |
||